000 00315nam a22001457a 4500
008 181031b xxu||||| |||| 00| 0 eng d
020 _a006040454X
041 _aeng
080 _a101
082 _25 th
_a101
100 _a24
101 _aFIL
245 _aThe practical stylist
_cBaker.SH
942 _2udc
_cBK
999 _c51245
_d51245